Statistics for New Zealand All Blacks Rugby - 50 or more tests, less than 5 tries

Click here to take the quiz!

General Stats

  • This quiz has been taken 200 times
    (49 since last reset)
  • The average score is 5 of 10

Answer Stats

TriesTestsPlayer% Correct
0108Owen Franks
100%
460Brad Thorn
62%
360Craig Dowd
46%
271Wyatt Crockett
46%
456Olo Brown
43%
462Robin Brooke
41%
359Anton Oliver
38%
166Greg Somerville
38%
450Charlie Faumuina
24%
158Gary Whetton
24%

Score Distribution

Percentile by Number Answered

Percent of People with Each Score

Your Score History

You have not taken this quiz since the last reset